تحميل...
Fundamentals of digital logic and microcomputer design /
| المؤلف الرئيسي: | |
|---|---|
| التنسيق: | Printed Book |
| اللغة: | English |
| منشور في: |
Hoboken, N.J. :
J. Wiley & Sons,
c2005.
|
| الطبعة: | 5th ed. |
| الموضوعات: | |
| الوصول للمادة أونلاين: | Contributor biographical information Publisher description Table of contents only |
| LEADER | 01650cam a22003614a 4500 | ||
|---|---|---|---|
| 001 | 13823159 | ||
| 003 | inmpuc | ||
| 005 | 20201013122222.0 | ||
| 008 | 041222s2005 njua b 001 0 eng | ||
| 010 | |a 2004065974 | ||
| 020 | |a 0471727849 (hc.) | ||
| 040 | |a DLC |c DLC |d DLC | ||
| 042 | |a pcc | ||
| 082 | 0 | 0 | |a 621.395 |2 22 |
| 100 | 1 | |a Rafiquzzaman, Mohamed. | |
| 245 | 1 | 0 | |a Fundamentals of digital logic and microcomputer design / |c M. Rafiquzzaman. |
| 246 | 3 | 0 | |a Digital logic and microcomputer design |
| 250 | |a 5th ed. | ||
| 260 | |a Hoboken, N.J. : |b J. Wiley & Sons, |c c2005. | ||
| 300 | |a xviii, 820 p. : |b ill. ; |c 26 cm. + |e 1 CD-ROM (4 3/4 in.) | ||
| 500 | |a "Wiley-Interscience." | ||
| 504 | |a Includes bibliographical references (p. 807-809) and index. | ||
| 650 | 0 | |a Logic circuits. | |
| 650 | 0 | |a Microcomputers |x Design and construction. | |
| 650 | 0 | |a Electronic digital computers |x Circuits. | |
| 856 | 4 | 2 | |3 Contributor biographical information |u http://www.loc.gov/catdir/enhancements/fy0619/2004065974-b.html |
| 856 | 4 | 2 | |3 Publisher description |u http://www.loc.gov/catdir/enhancements/fy0619/2004065974-d.html |
| 856 | 4 | 1 | |3 Table of contents only |u http://www.loc.gov/catdir/enhancements/fy0619/2004065974-t.html |
| 906 | |a 7 |b cbc |c orignew |d 1 |e ocip |f 20 |g y-gencatlg | ||
| 942 | |2 ddc |c BK | ||
| 955 | |a pc21 2004-12-22 to ASCD |i jf07 2004-12-23 to SL |a aa07 2004-12-28 |a ps08 2005-06-30 1 copy rec'd., to CIP ver. |a jf00 2005-07-06; |a ja21 2005-12-20 Copy 2 to BCCD | ||
| 999 | |c 353334 |d 353334 | ||
| 952 | |0 0 |1 0 |2 ddc |4 0 |6 621_395000000000000_RAF_F |7 0 |9 408614 |a DCS |b DCS |c ST1 |d 2020-10-13 |i 903 |l 0 |o 621.395 RAF/F |p DCS903 |r 2020-10-13 |w 2020-10-13 |y BK | ||